000 00590nmm a2200193Ia 4500
008 251105s9999||||xx |||||||||||||||||und||
041 _aspa
100 _aWebster, Charles
245 0 _aDe Paracelso a Newton :
_b La magia en la creación de la ciencia moderna
264 _a[México D.C., Mexico] :
_bFondo de Cultura Económica,
_c2016
300 _a195 páginas
490 _aBreviarios
650 _aSciences
700 _aWebster, Charles
700 1 _a Miquel, Ángel
700 1 _a Lucotti, Claudia
856 _uhttps://public.digitaliapublishing.com/a/64181
942 _cCF
999 _c72537
_d72537